Normal view MARC view
  • Corporations Finance

Entry Topical Term

Number of records used in: 1

001 - CONTROL NUMBER

  • control field: 120061

003 - CONTROL NUMBER IDENTIFIER

  • control field: NUST

005 - DATE AND TIME OF LATEST TRANSACTION

  • control field: 20240123155933.0

008 - FIXED-LENGTH DATA ELEMENTS

  • fixed length control field: 240123|| aca||aabn | a|a d

040 ## - CATALOGING SOURCE

  • Original cataloging agency: NUST
  • Transcribing agency: NUST

150 ## - HEADING--TOPICAL TERM

  • Topical term or geographic name entry element: Corporations Finance
  • Topical term or geographic name entry element: Financial management

670 ## - SOURCE DATA FOUND

  • Source citation: Work cat.: (NUST): Brigham, Eugene F. Ehrhardt, Michael C.; Gapenski, Louis C. 120060, Financial management : theory and practice/, 1999.
© 2023 Central Library, National University of Sciences and Technology. All Rights Reserved.